000 01661nam0a2200385 4500
001 RU\NLR\bibl\1654667
005 20260405213843.0
010 _a978-5-98124-250-2
021 _aRU
_b2010-42979
_92882
035 _a(nilc)RSL-KNO-004657261
035 _a(NLR Aleph) 001645980
090 _a891671
_c891671
100 _a20100616d2010 |||y0rusy50 ca
101 1 _arus
_ceng
102 _aRU
105 _ay |||||||||
200 1 _aКомпания
_dThe company
_eкраткая история революционной идеи
_fДжон Майклтуэйт, Адриан Вулдридж
_g[пер. с англ. Д. В. Скворцов]
_zeng
210 _aМосква
_cДобрая книга
_d2010
215 _a281 с.
_d21
225 1 _aЛучшая деловая книга года по версии журнала Dusiness Week
300 _aАвт. также на англ. яз.: John Micklethwait and Adrian Wooldridge
510 1 _6z22790
_aCompany
_zeng
606 1 _aПредпринимательство
_xИстория
_92189214
_3RU\NLR\auth\661316074
686 _aУ03(0)002.9,0
_2rubbk
686 _aУ5-13-03
700 1 _4070
_8rus
_7ca
_aМайклтуэйт
_bД.
_gДжон
_3RU\NLR\auth\7796845
_979771
701 1 _4070
_8rus
_7ca
_aВулдридж
_bА.
_gАдриан
_3RU\NLR\auth\7796846
_979772
790 1 _4070
_8eng
_7ba
_aMicklethwait
_bD.
_gJohn
_3RU\NLR\auth\7796849
_979775
790 1 _4070
_8eng
_7ba
_aWooldridge
_bА.
_gAdrian
_3RU\NLR\auth\7796850
_979776
801 0 _aRU
_bРГБ
_c20100616
_gRCR
801 1 _aRU
_bРГБ
_c20100616
801 2 _aRU
_bNLR
_c20100712
_grcr
942 _cBOOK
980 _aNB